000 00537nam a22001577a 4500
005 20240826170835.0
008 230811b |||||||| |||| 00| 0 eng d
020 _a978-93-90619-37-5
082 _aCH/610.7343/MAN/DB1130
100 _aManivannan Shyamala D.
_9208326
245 _aComprehensive Textbook of Community Health Nursing Including Environmental Science and Epidemiology for BSc Nursing Students
260 _bCBS Publishers & Distributors Pvt. Ltd.
_aNew Delhi
_c2023
300 _a905p
365 _b1295.00
942 _cDB
999 _c355779
_d355779